| 000 | 01258nam a2200325 i 4500 | ||
|---|---|---|---|
| 003 | EG-GICUC | ||
| 005 | 20260121101338.0 | ||
| 008 | 251124s2004 ua ||||fr|||| 000 0 ara d | ||
| 017 | _a2004/14429 | ||
| 020 | _a977-09-1116-X | ||
| 040 |
_a EG-GICUC _bara _c EG-GICUC _d EG-GICUC _erda |
||
| 041 | 0 | _aara | |
| 082 | 0 | 4 |
_221 _a341.77 _bم ح . م |
| 099 | _aLaw1 11 341.77 م ح . م 1 ed - 2004 | ||
| 100 | 0 |
_aمحمود شريف بسيوني _eمؤلف. |
|
| 245 | 1 | 2 |
_aالمحكمة الجنائية الدولية : _bمدخل لدراسة آليات الإنقاذ الوطني للنظام الأساسي / _cمحمود شريف بسيوني. |
| 250 | _aالطبعة الأولى | ||
| 264 | 1 |
_aالقاهرة : _bدار الشروق، _c2004. |
|
| 300 |
_a295 صفحة ؛ _c24 سم |
||
| 336 |
_2rda content _atext |
||
| 337 |
_2rda media _aComputer |
||
| 338 |
_2rda carrier _aOnline Resource |
||
| 500 | _aيشتمل على ملاحق. | ||
| 504 | _aيشتمل على إرجاعات ببليوجرافية. | ||
| 546 | _aالنص باللغة العربية | ||
| 650 | 1 | 4 | _aالقانون الجنائي الدولي |
| 856 | 4 | 0 | _uhttps://fll.law.cu.edu.eg/fulltext/bks/B11-05937.pdf |
| 905 |
_a5 _eHassnaa |
||
| 942 |
_2ddc _cBK _e21 _n0 |
||
| 999 |
_c45696 _d45696 |
||